000 01370nam a2200277Ia 4500
005 20200923113121.0
008 130821s1866 fr fr 1 spa
040 _aCo-BoUCM
_bspa
_cSandra Yazo
_dSandra Yazo
041 1 _aspa
_hfre
082 0 4 _a445
_220
092 _aE15N012
100 1 _aSommer, Edouard
_d1822-1866
_992816
245 1 4 _aCorrección de los ejercicios sobre el compendio de gramática francesa
_cpor E. Sommer
246 1 3 _aMétodo uniforme para la enseñanza de las lenguas
260 _aParís (Francia)
_bLibrería de L. Hachette y C.
_c1866
300 _a[4], 123 páginas
500 _aDetalles físicos: Encuadernación rígida en cartón forrado en papel. Lomos de tela encolada. Pasta con impresión de la portada, con deterioro por humedad. Conserva guardas, anteportada y portada impresa a una sola tinta. Texto impreso a una sola columna. Colección incompleta de esta edición
505 0 _aPrimera parte elementos del lenguaje. ; Segunda parte sintaxis. ; Composiciones
506 _aConsulta en sala
520 _aIncluye varios ejercicios sobre la gramática francesa
650 7 _aFrancés
_vEjercicios de redacción
_916125
650 7 _aFrancés
_xEnseñanza
_932508
650 7 _aFrancés
_xGramática comparada y general
_916125
690 _aTeoría lingüística
_9440
942 _cLIBRO
_a12
_e1
_2LOCAL
_hE15N012
999 _c76509
_d76509